000 00661 a2200181 4500
003 Nust
005 20170207153206.0
040 _cNust
082 _a005.1
100 _aRajput, Kashif Majid (MSCS-5)
245 _aImplementation of VoIP technology and intelligent network services
_cKashif Majid Rajput
260 _bMCS, NUST
_c2001
_aRawalpindi
300 _a208, p.
505 _aIntroduction (page-15) Voice over internet protocol (page-23) H.323: The umbrella standard for audio video (page-52) Design issues (page-117) Implementation design (page-132) Conclusion (page-179)
538 _aAlmirah No 73 Shelf No 1
650 _aPG Thesis
651 _aMSCS-5
942 _cTHS
999 _c181211
_d181211